Loading...
| Literature - World Literature | 2 | 0 | 0 | 0 | 30 | 57 | 60.00 | 1 | 2 |
| Social Science | 1 | 1 | 0 | 0 | 25 | 68 | 69.50 | 2 | 2 |
| Science - Chemistry | 0 | 2 | 0 | 1 | 20 | 72 | 98.00 | 0 | 1 |
| History - World History | 1 | 1 | 1 | 0 | 20 | 63 | 79.50 | 1 | 2 |
| Pop Culture | 1 | 0 | 0 | 0 | 15 | 22 | 22.00 | 1 | 1 |
| Literature - European Literature | 1 | 0 | 0 | 0 | 15 | 47 | 47.00 | 1 | 1 |
| History - Other History | 1 | 0 | 0 | 0 | 15 | 35 | 35.00 | 0 | 1 |
| Fine Arts - Visual Fine Arts | 0 | 1 | 0 | 1 | 10 | 140 | 140.00 | 0 | 1 |
| Science - Other Science | 0 | 1 | 0 | 0 | 10 | 117 | 117.00 | 0 | 0 |
| Science - Biology | 0 | 1 | 1 | 0 | 5 | 88 | 88.00 | 0 | 1 |
| Religion | 0 | 0 | 0 | 0 | 0 | 0.00 | 0 | 0 | |
| Fine Arts - Auditory Fine Arts | 0 | 0 | 1 | 0 | -5 | 0.00 | 0 | 0 | |
| Geography | 0 | 0 | 1 | 0 | -5 | 0.00 | 0 | 0 |